| 000 | 00963nam a2200241 a 4500 | ||
|---|---|---|---|
| 005 | 20230601063705.0 | ||
| 008 | 991125s1997 mx 000 0 spa u | ||
| 035 | _aUPN01000000377 | ||
| 049 | _aTES | ||
| 099 | _a14567 | ||
| 100 | 1 | _aHernández Ramírez, Juan José | |
| 245 | 1 | 3 |
_aUn acercamiento a la enseñanza de los valores sociales en la escuela primaria / _cJuan José Hernández Ramírez, Rosa Ibarra Alba, Angélica Mayorga Ruvalcaba. |
| 260 |
_aZapopan, Jal. : _bJ. J. Hernández Ramírez, _c1997. |
||
| 300 | _a142 h. | ||
| 500 | _a"Unidad 14E" | ||
| 502 | _aInvestigación de campo (Lic. en Educación Primaria) -- Universidad Pedagógica Nacional, 1997 | ||
| 650 | 4 |
_aCivismo _xEstudio y enseñanza (Elemental) _92807 |
|
| 650 | 4 |
_aValores sociales _94177 |
|
| 700 | 1 |
_aIbarra Alba, Rosa, _ecoaut. |
|
| 700 | 1 |
_aMayorga Ruvalcava, Angélica, _ecoaut. |
|
| 710 | 2 |
_aUniversidad Pedagógica Nacional (México). _bUnidad 14E _928434 |
|
| 905 | _aTesis | ||
| 999 |
_c377 _d377 |
||